000 00751nam a2200241 a 4500
001 BRCA_8041
005 20190320210116.0
008 270314s2013----it-a######---#000-0#spa-#
020 _a9786076052266
041 _aita
044 _aspa
050 4 _aNK1452
_b.A58 2013
100 1 _aAntei, Giorgio
_919984
245 1 0 _aLa divina proporción en la obra de Franco Maria Ricci y Massimo Listri
_cGiorgio Antei.
260 _a[Italia]
_bRicci editore
_c2013
300 _a190 p.
_bil. (algunas a color)
_c31 cm.
500 _aIncluye cronología de la editorial
504 _aBibliografía: p. 189
600 1 4 _aMaria Ricci, Franco
_d1937-
_919985
600 1 4 _aListri, Massimo
_d1953-
_919986
650 1 4 _aDiseño
_zItalia
_919987
942 _2lcc
_cB
999 _c7709
_d7709